[Event "EUR-chT Seniors 50"]
[Site "Mali Losinj"]
[Date "2019.09.21"]
[Round "4.3"]
[White "Ernst, Michael"]
[Black "Detter, Peter"]
[Result "1/2-1/2"]
[WhiteElo "2199"]
[BlackElo "1982"]
[PlyCount "61"]
[EventDate "2019.09.18"]
[EventType "team-swiss"]
[EventRounds "9"]
[EventCountry "CRO"]
[SourceTitle "EXT 2020"]
[Source "ChessBase"]
[SourceDate "2019.10.17"]
[SourceVersion "1"]
[SourceVersionDate "2019.10.17"]
[SourceQuality "1"]
[WhiteTeam "Austria 50"]
[BlackTeam "Steiermark 50"]
[WhiteTeamCountry "AUT"]
[BlackTeamCountry "AUT"]

1. d4 c5 2. d5 Nf6 3. Nc3 d6 4. e4 g6 5. Nf3 Bg7 6. Be2 0-0 7. 0-0 b6 8. h3 Ba6 9. a4 Bxe2 10. Qxe2 a6 11. Bf4 Nbd7 12. Rad1 Ne8 13. Rfe1 Ne5 14. Nd2 Nc7 15. Bg3 b5 16. f4 Nd7 17. axb5 axb5 18. Nxb5 Nxb5 19. Qxb5 Rb8 20. Qd3 Rxb2 21. Nc4 Rb4 22. e5 Nb6 23. Nxb6 Qxb6 24. Kh1 Rd4 25. Qe3 Rd8 26. c3 Rxd1 27. Rxd1 Qb3 28. Qd3 c4 29. Qd2 Ra8 30. Qe1 Qc2 31. Rc1 1/2-1/2

[Event "Steyr Landesliga 1718"]
[Site "Austria"]
[Date "2018.02.03"]
[Round "8.6"]
[White "Hofbauer, Karl"]
[Black "Detter, Peter"]
[Result "1/2-1/2"]
[WhiteElo "1944"]
[BlackElo "2003"]
[PlyCount "20"]
[EventDate "2017.09.30"]
[EventType "team-tourn"]
[EventRounds "11"]
[EventCountry "AUT"]
[SourceTitle "EXT 2019"]
[Source "ChessBase"]
[SourceDate "2018.10.10"]
[SourceVersion "1"]
[SourceVersionDate "2018.10.10"]
[SourceQuality "1"]
[WhiteTeam "Ratten Krieglach"]
[BlackTeam "Frauental Strassenbahn"]
[WhiteTeamCountry "AUT"]
[BlackTeamCountry "AUT"]

1. d4 d5 2. Nf3 Bf5 3. e3 e6 4. Bd3 Bxd3 5. Qxd3 c6 6. 0-0 Nd7 7. Nbd2 Ngf6 8. b3 Bd6 9. Bb2 Qb8 10. c4 0-0 1/2-1/2

[Event "Steyr Landesliga 1718"]
[Site "Austria"]
[Date "2017.11.11"]
[Round "4.7"]
[White "Detter, Peter"]
[Black "Lorenz, Alexander"]
[Result "0-1"]
[WhiteElo "2003"]
[BlackElo "1999"]
[PlyCount "40"]
[EventDate "2017.09.30"]
[EventType "team-tourn"]
[EventRounds "11"]
[EventCountry "AUT"]
[SourceTitle "EXT 2019"]
[Source "ChessBase"]
[SourceDate "2018.10.10"]
[SourceVersion "1"]
[SourceVersionDate "2018.10.10"]
[SourceQuality "1"]
[WhiteTeam "Frauental Strassenbahn"]
[BlackTeam "Graz Schachfreunde II"]
[WhiteTeamCountry "AUT"]
[BlackTeamCountry "AUT"]

1. d4 d5 2. Nf3 c6 3. c4 e6 4. Qc2 f5 5. Bf4 Nf6 6. e3 Be7 7. Nbd2 0-0 8. h3 Ne4 9. Bd3 Nd7 10. Bxe4 fxe4 11. Ne5 Nxe5 12. Bxe5 Bd6 13. Bxd6 Qxd6 14. Qc3 Rf6 15. 0-0 Rg6 16. f4 Qe7 17. Rf2 Qh4 18. Kf1 b6 19. cxd5 Ba6+ 20. Ke1 Rxg2 0-1

[Event "Steyr Landesliga 1617"]
[Site "Austria"]
[Date "2017.05.06"]
[Round "11.5"]
[White "Detter, Peter"]
[Black "Kormann, Werner"]
[Result "1/2-1/2"]
[WhiteElo "2024"]
[BlackElo "2173"]
[PlyCount "67"]
[EventDate "2016.10.01"]
[EventType "team-tourn"]
[EventRounds "11"]
[EventCountry "AUT"]
[SourceTitle "EXT 2018"]
[Source "ChessBase"]
[SourceDate "2017.10.13"]
[SourceVersion "1"]
[SourceVersionDate "2017.10.13"]
[SourceQuality "1"]
[WhiteTeam "Frauental Strassenbahn"]
[BlackTeam "Trofaiach Niklasdorf"]
[WhiteTeamCountry "AUT"]
[BlackTeamCountry "AUT"]

1. d4 d5 2. Nf3 Nf6 3. c4 e6 4. g3 Bb4+ 5. Bd2 Bd6 6. Bg2 0-0 7. 0-0 c6 8. cxd5 exd5 9. Nc3 Nbd7 10. Qc2 Re8 11. Rad1 Nf8 12. Rfe1 Ng6 13. e4 Nxe4 14. Nxe4 dxe4 15. Rxe4 Rxe4 16. Qxe4 Be6 17. a3 Qd7 18. Re1 Bd5 19. Qd3 Rd8 20. h4 Qg4 21. Nh2 Qh5 22. Bg5 f6 23. Bxd5+ cxd5 24. Bd2 Nf8 25. Nf3 a6 26. Kg2 Re8 27. Rxe8 Qxe8 28. Be3 Qe6 29. h5 Nd7 30. Nh4 Nb6 31. h6 g6 32. Nxg6 Qe4+ 33. Qxe4 dxe4 34. Nh4 1/2-1/2

[Event "Steyr Landesliga 1617"]
[Site "Austria"]
[Date "2016.10.29"]
[Round "3.6"]
[White "Pfaffel, Thomas"]
[Black "Detter, Peter"]
[Result "1-0"]
[WhiteElo "2097"]
[BlackElo "2024"]
[PlyCount "95"]
[EventDate "2016.10.01"]
[EventType "team-tourn"]
[EventRounds "11"]
[EventCountry "AUT"]
[SourceTitle "CBM 175 Extra"]
[Source "ChessBase"]
[SourceDate "2016.12.12"]
[SourceVersion "1"]
[SourceVersionDate "2016.12.12"]
[SourceQuality "1"]
[WhiteTeam "Austria"]
[BlackTeam "Frauental Strassenbahn"]
[WhiteTeamCountry "AUT"]
[BlackTeamCountry "AUT"]

1. b3 d5 2. Bb2 Bg4 3. Nf3 Bxf3 4. gxf3 Nf6 5. e3 Nbd7 6. f4 e6 7. Rg1 c6 8. d3 Qc7 9. Nd2 Rg8 10. Qe2 0-0-0 11. 0-0-0 Qa5 12. Kb1 Ba3 13. Ba1 Bb4 14. Nf3 Bc3 15. Bxc3 Qxc3 16. Qd2 Qxd2 17. Rxd2 h6 18. Ne5 Rdf8 19. Bh3 Nxe5 20. fxe5 Nd7 21. f4 Kd8 22. c4 Nb6 23. Rdg2 g6 24. f5 exf5 25. Bxf5 Rh8 26. Bh3 g5 27. Rf2 Ke7 28. Rf6 dxc4 29. bxc4 Nd7 30. Bxd7 Kxd7 31. Kc2 Ke7 32. d4 Rd8 33. Kd3 Rh7 34. Rb1 Rd7 35. Ke4 Kd8 36. Kf5 Kc7 37. a4 Kc8 38. a5 Kc7 39. Rd6 Re7 40. d5 cxd5 41. a6 bxa6 42. cxd5 Kc8 43. Rxa6 Rh8 44. Rc6+ Rc7 45. Rbc1 Rxc6 46. Rxc6+ Kd7 47. Kf6 Ra8 48. Kxf7 1-0

[Event "Steyr Landesliga 1617"]
[Site "Austria"]
[Date "2016.10.15"]
[Round "2.5"]
[White "Khalakhan, Jurij"]
[Black "Detter, Peter"]
[Result "1/2-1/2"]
[WhiteElo "2144"]
[BlackElo "2024"]
[PlyCount "26"]
[EventDate "2016.10.01"]
[EventType "team-tourn"]
[EventRounds "11"]
[EventCountry "AUT"]
[SourceTitle "CBM 175 Extra"]
[Source "ChessBase"]
[SourceDate "2016.12.12"]
[SourceVersion "1"]
[SourceVersionDate "2016.12.12"]
[SourceQuality "1"]
[WhiteTeam "Schachfreunde"]
[BlackTeam "Frauental Strassenbahn"]
[WhiteTeamCountry "AUT"]
[BlackTeamCountry "AUT"]

1. e4 Nf6 2. e5 Nd5 3. d4 d6 4. Nf3 g6 5. Be2 Bg7 6. 0-0 0-0 7. h3 Nc6 8. exd6 cxd6 9. c3 e5 10. a3 h6 11. Bc4 Nb6 12. Ba2 e4 13. Ne1 d5 1/2-1/2

[Event "WchT Seniors 50"]
[Site "Radebeul"]
[Date "2016.06.29"]
[Round "4.3"]
[White "Detter, Peter"]
[Black "Bosbach, Gerhard"]
[Result "1/2-1/2"]
[WhiteElo "2028"]
[BlackElo "2217"]
[PlyCount "27"]
[EventDate "2016.06.26"]
[EventType "team-swiss"]
[EventRounds "9"]
[EventCountry "GER"]
[SourceTitle "CBM 173 Extra"]
[Source "ChessBase"]
[SourceDate "2016.08.29"]
[SourceVersion "1"]
[SourceVersionDate "2016.08.29"]
[SourceQuality "1"]
[WhiteTeam "Graz"]
[BlackTeam "Hessen Seniors"]
[WhiteTeamCountry "AUT"]
[BlackTeamCountry "GER"]

1. Nf3 Nf6 2. c4 e6 3. g3 d5 4. Bg2 c6 5. Qc2 Nbd7 6. d4 Be7 7. Nbd2 0-0 8. 0-0 b5 9. b3 a5 10. Bb2 bxc4 11. bxc4 Ba6 12. Rfe1 c5 13. Ne5 Rc8 14. Qa4 1/2-1/2

[Event "Steyr Landesliga 1516"]
[Site "Austria"]
[Date "2016.04.09"]
[Round "10.6"]
[White "Toelly, Michael"]
[Black "Detter, Peter"]
[Result "1/2-1/2"]
[WhiteElo "1938"]
[BlackElo "2031"]
[PlyCount "68"]
[EventDate "2015.09.26"]
[EventType "team-tourn"]
[EventRounds "11"]
[EventCountry "AUT"]
[SourceTitle "EXT 2017"]
[Source "ChessBase"]
[SourceDate "2016.10.25"]
[SourceVersion "1"]
[SourceVersionDate "2016.10.25"]
[SourceQuality "1"]
[WhiteTeam "Fuerstenfeld/Hartberg"]
[BlackTeam "Frauental Strassenbahn"]
[WhiteTeamCountry "AUT"]
[BlackTeamCountry "AUT"]

1. e4 Nf6 2. e5 Nd5 3. c4 Nb6 4. d4 d6 5. f4 dxe5 6. fxe5 Nc6 7. Be3 Bf5 8. Nc3 e6 9. Be2 Be7 10. Nf3 0-0 11. 0-0 f6 12. a3 Qe8 13. b4 fxe5 14. dxe5 Rd8 15. Qb3 Qg6 16. Kh1 Bd3 17. Bxb6 axb6 18. Qa2 Bxe2 19. Qxe2 Nd4 20. Nxd4 Rxd4 21. Rxf8+ Bxf8 22. Rd1 Rxd1+ 23. Qxd1 Qf5 24. Qe2 g5 25. g4 Qf4 26. Nb5 c6 27. Nc7 Kf7 28. Na8 Bg7 29. Nxb6 Bxe5 30. c5 Qc1+ 31. Kg2 Qf4 32. Kh1 Qc1+ 33. Kg2 Qf4 34. Kh1 Qc1+ 1/2-1/2

[Event "Steyr Landesliga 1516"]
[Site "Austria"]
[Date "2015.11.07"]
[Round "4.4"]
[White "Gampersberger, Herbert"]
[Black "Detter, Peter"]
[Result "1/2-1/2"]
[WhiteElo "1999"]
[BlackElo "2031"]
[PlyCount "49"]
[EventDate "2015.09.26"]
[EventType "team-tourn"]
[EventRounds "11"]
[EventCountry "AUT"]
[SourceTitle "CBM 170 Extra"]
[Source "ChessBase"]
[SourceDate "2016.02.25"]
[SourceVersion "1"]
[SourceVersionDate "2016.02.25"]
[SourceQuality "1"]
[WhiteTeam "Spg ISR"]
[BlackTeam "Frauental Strassenbahn"]
[WhiteTeamCountry "AUT"]
[BlackTeamCountry "AUT"]

1. c4 e6 2. g3 d5 3. d4 Nf6 4. Bg2 Be7 5. Nf3 0-0 6. Nbd2 c5 7. e3 Nc6 8. 0-0 b6 9. b3 cxd4 10. Nxd4 Nxd4 11. exd4 Bb7 12. Bb2 Rc8 13. Rc1 Rc7 14. Qe2 Qb8 15. cxd5 Rxc1 16. Rxc1 Bxd5 17. Bxd5 Nxd5 18. Qc4 b5 19. Qe2 a6 20. Ne4 Rc8 21. Nc5 Qb6 22. Qg4 Nf6 23. Qf3 Nd5 24. Qg4 Nf6 25. Qf3 1/2-1/2

[Event "EU-chT Seniors"]
[Site "Vienna"]
[Date "2015.07.15"]
[Round "4.9"]
[White "Hohler, Peter"]
[Black "Detter, Peter"]
[Result "1/2-1/2"]
[WhiteElo "2141"]
[BlackElo "2038"]
[PlyCount "34"]
[EventDate "2015.07.12"]
[EventType "team-swiss"]
[EventRounds "9"]
[EventCountry "AUT"]
[SourceTitle "EXT 2018"]
[Source "ChessBase"]
[SourceDate "2017.10.13"]
[SourceVersion "1"]
[SourceVersionDate "2017.10.13"]
[SourceQuality "1"]
[WhiteTeam "Switzerland"]
[BlackTeam "Austria II"]
[WhiteTeamCountry "SUI"]
[BlackTeamCountry "AUT"]

1. Nf3 d5 2. d4 Bf5 3. c4 e6 4. Nc3 c6 5. e3 Nd7 6. Bd3 Bxd3 7. Qxd3 Ngf6 8. 0-0 Be7 9. e4 dxe4 10. Nxe4 Nxe4 11. Qxe4 0-0 12. Re1 Re8 13. Be3 Qa5 14. a3 Qh5 15. h3 a5 16. Rac1 h6 17. Qg4 Qxg4 1/2-1/2

[Event "AUT-chT2M 1415"]
[Site "Austria"]
[Date "2015.04.19"]
[Round "11.4"]
[White "Detter, Peter"]
[Black "Genser, Harald"]
[Result "0-1"]
[WhiteElo "2076"]
[BlackElo "2255"]
[PlyCount "80"]
[EventDate "2014.10.03"]
[EventType "team-tourn"]
[EventRounds "11"]
[EventCountry "AUT"]
[SourceTitle "EXT 2016"]
[Source "ChessBase"]
[SourceDate "2015.10.08"]
[SourceVersion "1"]
[SourceVersionDate "2015.10.08"]
[SourceQuality "1"]
[WhiteTeam "Graz Strassenbahn"]
[BlackTeam "Die Klagenfurter"]
[WhiteTeamCountry "AUT"]
[BlackTeamCountry "AUT"]

1. Nf3 d5 2. c4 e6 3. g3 dxc4 4. Qa4+ Nd7 5. Bg2 a6 6. Qxc4 b5 7. Qb3 Bb7 8. 0-0 Ngf6 9. Nc3 c5 10. d3 Be7 11. a4 b4 12. Nd1 a5 13. Ne3 0-0 14. Nc4 Nb6 15. Nfe5 Bxg2 16. Kxg2 Qd5+ 17. e4 Qb7 18. Nxb6 Qxb6 19. Be3 Qc7 20. f4 Rfd8 21. Rac1 Nd7 22. Nxd7 Rxd7 23. Rfd1 Rc8 24. Rd2 Qd8 25. Kf2 e5 26. fxe5 Bg5 27. e6 Bxe3+ 28. Kxe3 Qg5+ 29. Ke2 Qg4+ 30. Ke3 fxe6 31. Rf2 Qg5+ 32. Ke2 Qe5 33. Rf5 Qd6 34. Qc4 h6 35. Rf3 Qe5 36. Rc2 Rd4 37. Qa6 Rcd8 38. Qxa5 Rxd3 39. Rxd3 Qxe4+ 40. Re3 Qxc2+ 0-1

[Event "AUT-chT2M 1314"]
[Site "Austria"]
[Date "2013.11.16"]
[Round "4.5"]
[White "Detter, Peter"]
[Black "Hofer, Christian"]
[Result "1/2-1/2"]
[WhiteElo "2079"]
[BlackElo "1920"]
[PlyCount "61"]
[EventDate "2013.10.04"]
[EventType "team-tourn"]
[EventRounds "11"]
[EventCountry "AUT"]
[SourceTitle "EXT 2015"]
[Source "ChessBase"]
[SourceDate "2014.11.20"]
[SourceVersion "1"]
[SourceVersionDate "2014.11.20"]
[SourceQuality "1"]
[WhiteTeam "Graz Strassenbahn"]
[BlackTeam "Feffernitz"]
[WhiteTeamCountry "AUT"]
[BlackTeamCountry "AUT"]

1. Nf3 Nf6 2. c4 g6 3. Nc3 d5 4. cxd5 Nxd5 5. Qa4+ Nc6 6. Ne5 Nxc3 7. dxc3 Bd7 8. Nxd7 Qxd7 9. e4 Ne5 10. Qxd7+ Nxd7 11. Be3 a6 12. 0-0-0 Bg7 13. Be2 b5 14. Rd2 Nb6 15. Rhd1 Na4 16. f4 c5 17. e5 0-0 18. Rd7 f6 19. Rxe7 fxe5 20. fxe5 Rfe8 21. Rdd7 Rxe7 22. Rxe7 Kf8 23. Re6 Kf7 24. Bg4 h5 25. Bh3 b4 26. cxb4 cxb4 27. Bf4 Nc5 28. Rd6 Re8 29. Rd5 Bxe5 30. Bd2 Ne4 31. Bxb4 1/2-1/2

[Event "AUT-chT2M 1314"]
[Site "Austria"]
[Date "2013.10.04"]
[Round "1.4"]
[White "Detter, Peter"]
[Black "Watzka, Horst"]
[Result "1/2-1/2"]
[WhiteElo "2079"]
[BlackElo "2257"]
[PlyCount "40"]
[EventDate "2013.10.04"]
[EventType "team-tourn"]
[EventRounds "11"]
[EventCountry "AUT"]
[SourceTitle "CBM 156 Extra"]
[Source "ChessBase"]
[SourceDate "2013.10.22"]
[SourceVersion "1"]
[SourceVersionDate "2013.10.22"]
[SourceQuality "1"]
[WhiteTeam "Graz Strassenbahn"]
[BlackTeam "Gleisdorf"]
[WhiteTeamCountry "AUT"]
[BlackTeamCountry "AUT"]

1. d4 Nf6 2. c4 e6 3. g3 Bb4+ 4. Bd2 c5 5. Bxb4 cxb4 6. Bg2 0-0 7. Nd2 d6 8. Ngf3 Nc6 9. 0-0 Re8 10. e4 e5 11. d5 Nb8 12. a3 Na6 13. Qb3 Qb6 14. axb4 Qxb4 15. Qxb4 Nxb4 16. Ra4 Nd3 17. Ra3 Nb4 18. Ra4 Nd3 19. Ra3 Nb4 20. Ra4 Nd3 1/2-1/2

[Event "Steyr Landesliga 1213"]
[Site "Austria"]
[Date "2013.05.04"]
[Round "11.4"]
[White "Zechner, Gernot"]
[Black "Detter, Peter"]
[Result "1-0"]
[WhiteElo "2210"]
[BlackElo "2082"]
[PlyCount "115"]
[EventDate "2012.09.22"]
[EventType "team-tourn"]
[EventRounds "11"]
[EventCountry "AUT"]
[SourceTitle "EXT 2014"]
[Source "ChessBase"]
[SourceDate "2013.11.20"]
[SourceVersion "1"]
[SourceVersionDate "2013.11.20"]
[SourceQuality "1"]
[WhiteTeam "Graz Styria"]
[BlackTeam "Graz Strassenbahn"]
[WhiteTeamCountry "AUT"]
[BlackTeamCountry "AUT"]

1. d4 d5 2. c4 Bf5 3. cxd5 Bxb1 4. Qa4+ c6 5. Rxb1 Qxd5 6. a3 Nd7 7. Nf3 Ngf6 8. e3 e6 9. Be2 Qe4 10. Ra1 Bd6 11. 0-0 0-0 12. Qb3 Nb6 13. Rd1 Rac8 14. Nd2 Qd5 15. Qd3 e5 16. dxe5 Qxd3 17. Bxd3 Bxe5 18. Nf3 Bc7 19. b3 Rcd8 20. Bb2 Rd7 21. Kf1 Rfd8 22. Ke2 Ne8 23. g3 g6 24. Ne5 Bxe5 25. Bxe5 f6 26. Bd4 Kg7 27. Bc2 Nc7 28. Bb2 Rxd1 29. Rxd1 Rxd1 30. Bxd1 Nd7 31. e4 Kf7 32. Ke3 c5 33. f4 b6 34. Be2 a6 35. Bd1 Ke7 36. a4 b5 37. axb5 axb5 38. Be2 Kd6 39. Bg4 Ne6 40. h4 Nef8 41. Be2 Kc6 42. g4 Ne6 43. g5 fxg5 44. hxg5 Nb6 45. Bg4 Kd6 46. Be5+ Ke7 47. Bf6+ Kf7 48. f5 gxf5 49. exf5 Nd5+ 50. Kd2 Nef4 51. Be5 c4 52. bxc4 bxc4 53. Bf3 Ke8 54. Be4 Nd3 55. Bd4 N5f4 56. f6 Kf7 57. Bxh7 Ne6 58. g6+ 1-0

[Event "AUT-chT2M 1213"]
[Site "Austria"]
[Date "2012.11.24"]
[Round "4.4"]
[White "Horvath, Sandor"]
[Black "Detter, Peter"]
[Result "1/2-1/2"]
[WhiteElo "2286"]
[BlackElo "2082"]
[PlyCount "62"]
[EventDate "2012.10.19"]
[EventType "team-tourn"]
[EventRounds "11"]
[EventCountry "AUT"]
[SourceTitle "CBM 151 Extra"]
[Source "ChessBase"]
[SourceDate "2012.12.18"]
[SourceVersion "1"]
[SourceVersionDate "2012.12.18"]
[SourceQuality "1"]
[WhiteTeam "Gleisdorf"]
[BlackTeam "Graz Strassenbahn"]
[WhiteTeamCountry "AUT"]
[BlackTeamCountry "AUT"]

1. e4 Nf6 2. Nc3 e5 3. Nf3 Nc6 4. d4 exd4 5. Nxd4 Bb4 6. Nxc6 bxc6 7. Bd3 d5 8. exd5 cxd5 9. 0-0 0-0 10. Bg5 c6 11. Qf3 Be7 12. h3 Be6 13. Ne2 Nd7 14. Bxe7 Qxe7 15. Rfe1 Nc5 16. Nd4 Nxd3 17. Qxd3 Qd6 18. Rad1 a5 19. Qc3 Bd7 20. Qd2 a4 21. Nf3 Rfe8 22. Rxe8+ Rxe8 23. c4 Qg6 24. Kh1 Be6 25. Ne5 Qf6 26. Nxc6 dxc4 27. Nd4 Rd8 28. Qe3 h6 29. Rd2 Bf5 30. Nxf5 Rxd2 31. Qxd2 Qxf5 1/2-1/2

[Event "Steyr Landesliga 1213"]
[Site "Austria"]
[Date "2012.10.13"]
[Round "2.5"]
[White "Kainrath, Florian"]
[Black "Detter, Peter"]
[Result "1/2-1/2"]
[WhiteElo "2156"]
[BlackElo "2082"]
[PlyCount "59"]
[EventDate "2012.09.22"]
[EventType "team-tourn"]
[EventRounds "11"]
[EventCountry "AUT"]
[SourceTitle "EXT 2014"]
[Source "ChessBase"]
[SourceDate "2013.11.20"]
[SourceVersion "1"]
[SourceVersionDate "2013.11.20"]
[SourceQuality "1"]
[WhiteTeam "Graz Schachfreunde"]
[BlackTeam "Graz Strassenbahn"]
[WhiteTeamCountry "AUT"]
[BlackTeamCountry "AUT"]

1. e4 Nf6 2. Nc3 d5 3. exd5 Nxd5 4. d4 c6 5. Nxd5 cxd5 6. Bd3 Nc6 7. c3 g6 8. Nf3 Bg7 9. 0-0 0-0 10. h3 Qc7 11. Re1 e5 12. dxe5 Nxe5 13. Bf4 Nxf3+ 14. Qxf3 Qc6 15. Bc2 Be6 16. Bb3 d4 17. Qxc6 bxc6 18. Bxe6 fxe6 19. Be5 dxc3 20. bxc3 Bxe5 21. Rxe5 Kf7 22. Rc5 Rac8 23. Rb1 Rc7 24. Rb3 Ke7 25. Ra3 Rf5 26. Rc4 a5 27. Rb3 Kd6 28. Rb8 Rb5 29. Ra8 Rf7 30. Rd8+ 1/2-1/2

[Event "Steyr Landesliga 1112"]
[Site "Austria"]
[Date "2012.02.18"]
[Round "9.5"]
[White "Brunnsteiner, Mario"]
[Black "Detter, Peter"]
[Result "1-0"]
[WhiteElo "2174"]
[BlackElo "2100"]
[PlyCount "83"]
[EventDate "2011.09.24"]
[EventType "team-tourn"]
[EventRounds "11"]
[EventCountry "AUT"]
[SourceTitle "EXT 2013"]
[Source "ChessBase"]
[SourceDate "2012.11.22"]
[SourceVersion "1"]
[SourceVersionDate "2012.11.22"]
[SourceQuality "1"]
[WhiteTeam "Leoben"]
[BlackTeam "Graz Strassenbahn"]
[WhiteTeamCountry "AUT"]
[BlackTeamCountry "AUT"]

1. Nf3 d5 2. c4 e6 3. d4 Nf6 4. Nc3 c5 5. Bg5 cxd4 6. Nxd4 e5 7. Nc2 d4 8. Nd5 Be7 9. Nxe7 Qxe7 10. Bxf6 Qxf6 11. e3 Nc6 12. exd4 exd4 13. Bd3 Qe5+ 14. Qe2 0-0 15. Qxe5 Nxe5 16. 0-0-0 Be6 17. b3 b5 18. cxb5 Rfc8 19. Kb2 Nxd3+ 20. Rxd3 Bf5 21. Rd2 d3 22. Nb4 Rc5 23. a4 Rd8 24. Rc1 Rxc1 25. Kxc1 Kf8 26. Rd1 Rd4 27. Nc6 Rd7 28. Kd2 h5 29. Rc1 g5 30. Rc4 Be6 31. Rd4 Rc7 32. Rxd3 a6 33. Nd4 axb5 34. Nxb5 Rb7 35. Kc3 Ke7 36. Kb4 Bd7 37. Rd5 f6 38. Rc5 Rb6 39. f3 Rd6 40. a5 Rd2 41. a6 Rxg2 42. a7 1-0